Central Library OPAC University of Rajshahi

Outlines of english criminal law / (Record no. 9878)

MARC details
000 -LEADER
fixed length control field 00566nam a22002057a 4500
001 - CONTROL NUMBER
control field 9878
003 - CONTROL NUMBER IDENTIFIER
rucl marc code BD-RjUL
005 - DATE AND TIME OF LATEST TRANSACTION
control field 20211208234845.0
008 - FIXED-LENGTH DATA ELEMENTS--GENERAL INFORMATION
fixed length control field 140122s1964 pk 000 0 eng d
035 ## - SYSTEM CONTROL NUMBER
System control number (BD-RjUL)9923
040 ## - CATALOGING SOURCE
Original cataloging agency BD-RjUL
Language of cataloging eng
Transcribing agency BD-RjUL
041 ## - LANGUAGE CODE
Language code of text/sound track or separate title eng
082 ## - DEWEY DECIMAL CLASSIFICATION NUMBER
Classification number 345.5491
Author mark and year IQO 1964
Edition number 23
100 1# - MAIN ENTRY--PERSONAL NAME
Personal name Iqbal, M.
9 (RLIN) 30522
245 10 - TITLE STATEMENT
Title Outlines of english criminal law /
Statement of responsibility, etc. M. Iqbal.
260 ## - PUBLICATION, DISTRIBUTION, ETC. (IMPRINT)
Place of publication, distribution, etc. Lahor :
Name of publisher, distributor, etc. All Pakistan legal decisions,
Date of publication, distribution, etc. [1964].
300 ## - PHYSICAL DESCRIPTION
Pagination vii, 231 p ;
Size 24 cm.
650 #0 - SUBJECT ADDED ENTRY--TOPICAL TERM
Topical term or geographic name as entry element Criminal law.
Geographic subdivision Pakistan
9 (RLIN) 30523
942 ## - ADDED ENTRY ELEMENTS (KOHA)
Source of classification or shelving scheme Dewey Decimal Classification
Koha item type Books
Holdings
Lost status Source of classification or shelving scheme Damaged status Not for loan Collection code Permanent Location Current Location Shelving location Date acquired Source of acquisition Cost, normal purchase price Total Checkouts Full call number Date last seen Copy number Koha item type
  Dewey Decimal Classification     Non-fiction Central Library, University of Rajshahi Central Library, University of Rajshahi   26/06/1968 Warsi book co. 6.72   345.5491 IQO 1964 22/01/2014 C-3 Books
  Dewey Decimal Classification     Non-fiction Central Library, University of Rajshahi Central Library, University of Rajshahi   26/06/1968 Waris book center 6.72   345.5491 IQO 1964 01/08/2016 C-2 Books
  Dewey Decimal Classification     Non-fiction Central Library, University of Rajshahi Central Library, University of Rajshahi   26/06/1968 Waris book center 6.72   345.5491 IQO 1964 01/08/2016 C-4 Books
  Dewey Decimal Classification     Non-fiction Central Library, University of Rajshahi Central Library, University of Rajshahi   26/06/1968 Waris book center 6.72   345.5491 IQO 1964 01/08/2016 C-5 Books
  Dewey Decimal Classification     Non-fiction Central Library, University of Rajshahi Central Library, University of Rajshahi   26/06/1968 Waris book center 6.72   345.5491 IQO 1964 14/08/2016 C-6 Books